Пророки. История возникновения библейских пророчеств, их литературное изложение и характеристика

التفاصيل البيبلوغرافية
المؤلف الرئيسي: Морозов Н. Николай
الملخص:Текст в русской дореформенной орфографии
اللغة:الروسية
منشور في: Москва, Т-ва И. Д. Сытина, 1914
الموضوعات:
التنسيق: كتاب
KOHA link:https://koha.lib.tpu.ru/cgi-bin/koha/opac-detail.pl?biblionumber=68764

MARC

LEADER 00000nam0a2200000 4500
001 68764
005 20231101212413.0
035 |a (RuTPU)RU\TPU\book\73227 
090 |a 68764 
100 |a 20041011d1914 km y0rusy50 ca 
101 0 |a rus 
102 |a RU 
105 |a a z 000zy 
200 1 |a Пророки. История возникновения библейских пророчеств, их литературное изложение и характеристика  |f Н. Морозов 
210 |a Москва  |c Т-ва И. Д. Сытина  |d 1914 
215 |a 310 с.  |c ил. 
300 |a Текст в русской дореформенной орфографии 
316 |5 63413507: 04-2968  |a На титульном листе владельческий штамп: "Ex libris Лозовский И. Т. 
317 |5 63413507: 04-2968  |a Получен в дар 
606 1 |a Пророчество  |2 stltpush  |3 (RuTPU)RU\TPU\subj\78241  |9 87805 
610 1 |a астрология 
610 1 |a астрономия 
610 1 |a религия 
610 1 |a библейские сказания 
610 1 |a библейские пророчества 
610 1 |a владельческие знаки 
610 1 |a дары библиотеке 
686 |a Э412  |v LBC/SL-A  |2 rubbk 
700 1 |a Морозов  |b Н.  |g Николай 
801 1 |a RU  |b 63413507  |c 20041011  |g PSBO 
801 2 |a RU  |b 63413507  |c 20181227  |g PSBO 
942 |c BK